000 00643nam a2200277Ia 4500
005 20260324150036.0
008 008 260324s9999 xx 000 0 eng d
020 _a9781003096153
037 _aEBOOK
040 _aCRL
040 _beng
040 _cCRL
041 _2eng
041 _aeng
084 _qCRL
100 _aP.H. Vigor
_91225063
245 4 _aThe Soviet View of War, Peace and Neutrality
260 _bTaylor and Francis
260 _c1975
365 _a
365 _b170
856 _uhttp://www.taylorfrancis.com/books/9781003096153
942 _cEBOOK
999 _c1833849
_d1833849